000
00286nam a22001217a 4500
020
_a
435-77950-8
082
_a
621.39 WHI'B
100
_a
WHITWOSTH, DONALD
_9
79304
245
_a
BASIC DIGITAL COMPUTER CONCEPTS
260
_a
LONDON
_b
HEINEMANN
_c
1969
300
_a
V, 161P
942
_c
BK
999
_c
584354
_d
584354